000 00341nam a2200133Ia 4500
005 20251222155100.0
008 251222s9999||||xx |||||||||||||| ||spa||
082 _aETI.159
100 _aM.CASADO y A.ROYES.
245 0 _aDocumentos sobre la disposición de la propia vida
250 _a1ra. ed.
264 _bBioƩtica Dret
942 _cLIB
999 _c37634
_d37634